AQUEOUS POLYMERIC COATING FOR PHARMACEUTICAL DOSAGE FORMS (Record no. 89676)

MARC details
000 -LEADER
fixed length control field 00409nam a2200145Ia 4500
008 - FIXED-LENGTH DATA ELEMENTS--GENERAL INFORMATION
fixed length control field 220916s9999 xx 000 0 und d
020 ## - INTERNATIONAL STANDARD BOOK NUMBER
International Standard Book Number 9780849387890
100 ## - MAIN ENTRY--PERSONAL NAME
Personal name McGINITY, JAMES W. AND FELTON, LINDA A.
245 #0 - TITLE STATEMENT
Title AQUEOUS POLYMERIC COATING FOR PHARMACEUTICAL DOSAGE FORMS
250 ## - EDITION STATEMENT
Edition statement 3RD
260 ## - PUBLICATION, DISTRIBUTION, ETC.
Name of publisher, distributor, etc. INFORMA HEALTHCARE, NEW YORK
Date of publication, distribution, etc. 2008
300 ## - PHYSICAL DESCRIPTION
Extent 488
650 ## - SUBJECT ADDED ENTRY--TOPICAL TERM
Topical term or geographic name entry element Pharmaceutics
942 ## - ADDED ENTRY ELEMENTS (KOHA)
Koha item type Book
Holdings
Withdrawn status Lost status Damaged status Not for loan Home library Current library Shelving location Date acquired Cost, normal purchase price Total Checkouts Barcode Date last seen Price effective from Koha item type Public note
        Mewar University Central Library Mewar University Central Library Pharmacy 12/01/2018 4995.00   PH2788 16/09/2022 12/01/2018 Reference Reference ph R-6 S-2